| 000 | 01057nam a2200325 a 4500 | ||
|---|---|---|---|
| 001 | vtls000195939 | ||
| 003 | NLI | ||
| 005 | 20210602113029.0 | ||
| 008 | 101125s1975 enka 001 0 eng | ||
| 020 |
_a0297768492 : _cPND 8.00 |
||
| 039 | 9 |
_y201011252321 _zVLOAD |
|
| 040 | 0 |
_aNLI _beng _cDatasoft 1 _eAACR2 |
|
| 041 | 0 | _aeng | |
| 044 | _aenk | ||
| 082 | 0 | 4 | _a336.42 |
| 100 | 1 |
_aPrest, A. R. _q(Alan Richmond), _d1919- _9360479 |
|
| 245 | 1 | 0 |
_aPublic finance in theory and practice / _cA. R. Prest |
| 250 | _a5th ed. | ||
| 260 |
_aLondon : _bWeidenfeld And Nicolson, _c1975 |
||
| 300 |
_a448 p. : _bill. ; _c23 cm. |
||
| 504 | _aIncludes bibliographical references and index | ||
| 650 | 0 |
_aFinance, Public _95236 |
|
| 650 | 0 |
_aFinance, Public _zGreat Britain |
|
| 887 | _a | ||
| 901 |
_a421818 _b10.11.1975 |
||
| 902 | _aE 336.42 P 926 (2) | ||
| 942 |
_2ddc _cBKS |
||
| 949 |
_AVIRTUAITEM _D10000 _X100 _6PUR000421818ENG |
||
| 999 |
_aVIRTUA40 _c200053 _d200053 |
||
| 999 | _aVTLSSORT0080*0200*0400*0410*0440*0820*1000*2450*2500*2600*3000*5040*6500*6501*9010*9020*9490*9991 | ||